000 00555nam a22001817a 4500
005 20251108164701.0
008 250721s1967 xx 000 0 ara d
082 1 4 _aم/811.1/قيس
100 1 _aقيس بن الخطيم، ابن الخطيم
245 1 0 _aديوان قيس بن الخطيم /
264 1 _aبيروت :
_bدار صادر،
_c1967.
300 _a332 ص.
650 1 7 _aالشعر العربي
650 1 7 _aالعصر الجاهلي
700 1 _aالأسد، ناصرالدين
_eتحقيق
942 _2ddc
_cREF
999 _c11757
_d11757